Kachestvo produkt︠s︡ii i ėffektivnostʹ selʹskokhozi︠a︡ĭstvennogo proizvodstva.

Saved in:
Bibliographic Details
Main Author: Cherepanov, Valentin Ivanovich.
Format: Book
Language:Russian
Published: 1977.
Subjects:
Tags: Add Tag
No Tags, Be the first to tag this record!
LEADER 00577nam a2200193Ki 4500
001 004862017-3
005 20020606095253.2
008 941012s1977 xx 000 0 rus d
035 0 |a ocm80625553 
040 |a HLS  |c HLS 
090 |a S469.R9  |b M65x 
100 1 |a Cherepanov, Valentin Ivanovich. 
245 1 0 |a Kachestvo produkt︠s︡ii i ėffektivnostʹ selʹskokhozi︠a︡ĭstvennogo proizvodstva. 
260 |c 1977. 
300 |a 71 p. :  |b ill. ;  |c 20 cm. 
504 |a Bibliography: p. [70] 
650 0 |a Farm management  |z Russia (Federation)  |z Mari El. 
988 |a 20020608 
906 |0 MH